000 00929nam0a22002531 4500
001 rc\115781
005 20250620185529.0
010 _a5-7464-0488-8
_9500
035 _a(NLR Aleph) 005374640
090 _a7036468
_c7036468
100 _a20021216d1991 |||y0rusy50 ca
101 0 _arus
102 _aRU
105 _ay |||||||||
200 1 _aТенденции и перспективы развития советского законодательства
_e[Сб. ст.
_fРедкол.: Р.В. Шагиева (отв. ред.) и др.]
210 _aКазань
_cИзд-во Казан. ун-та
_d1991
215 _a150, [1] с.
_d20
702 1 _4340
_aШагиева
_bР. В.
_cд-р юрид. наук
_f1955-
_gРозалина Васильевна
_9165374
_3RU\NLR\AUTH\770165420
801 0 _aRU
_bNLR
_gpsbo
801 1 _aRU
_bELAR
_2rusmarc
852 _aNLR
_j91-3/3895
942 _cBOOK
980 _aNB